All Division I Colleges and Universities - Statistics

General Stats
  • This quiz has been taken 93 times
  • The average score is 172 of 345
Answer Stats
Schools % Correct
University of Alabama
87%
University of Florida
81%
Harvard
79%
Ohio
79%
Ohio State
79%
University of Georgia
77%
Yale
77%
Colorado
75%
Columbia
75%
Northwestern
75%
Southern University
75%
UCLA
75%
University of Arizona
75%
University of Illinois - Urbana-Champaign
75%
University of Iowa
75%
University of Miami
75%
University of Washington
75%
Arizona State
73%
Boston College
73%
Boston University
73%
Colorado State
73%
Iowa State
73%
Michigan State
73%
University of Maryland - Baltimore
73%
University of Michigan
73%
Florida State
71%
Georgetown
71%
Indiana
71%
University of Arkansas
71%
University of Hawaii
71%
University of Idaho
71%
University of Missouri
71%
University of Nebraska - Lincoln
71%
University of North Carolina - Chapel Hill
71%
University of Oregon
71%
Washington State
71%
Air Force
69%
Delaware
69%
Louisiana State
69%
Miami University
69%
Oregon State
69%
Princeton
69%
Rutgers
69%
Syracuse
69%
University of Houston
69%
University of Kansas
69%
University of Maine
69%
University of Montana
69%
University of Nevada - Reno
69%
University of New Mexico
69%
University of Utah
69%
University of Virginia
69%
Utah State
69%
Dartmouth
67%
New Mexico State
67%
Pennsylvania State
67%
San Diego
67%
Stanford
67%
Tulane
67%
United States Naval Academy
67%
University of Minnesota
67%
University of Nevada - Las Vegas
67%
University of Oklahoma
67%
University of Pennsylvania
67%
University of Vermont
67%
University of Wyoming
67%
Auburn
65%
Cornell
65%
Georgia Tech
65%
Kansas State
65%
Oklahoma State
65%
Purdue
65%
University of Mississippi
65%
University of North Dakota
65%
University of Portland
65%
University of South Carolina
65%
University of Texas - El Paso
65%
Alabama State
63%
Arkansas State
63%
Baylor
63%
Brigham Young
63%
Brown
63%
Montana State
63%
North Dakota State
63%
Texas State
63%
United States Military Academy
63%
University of Connecticut
63%
University of New Hampshire
63%
University of Pittsburgh
63%
University of South Dakota
63%
University of Texas - Austin
63%
Villanova
63%
Duke
62%
Fresno State
62%
George Washington
62%
Idaho State
62%
Indiana State
62%
Mississippi State
62%
Missouri State
62%
North Carolina State
62%
Notre Dame
62%
South Dakota State
62%
Texas A&M
62%
University at Buffalo
62%
Virginia Tech
62%
Boise State
60%
Jacksonville
60%
Northeastern
60%
Temple
60%
Texas Tech
60%
University of Akron
60%
University of Central Florida
60%
University of Cincinnati
60%
University of Texas - San Antonio
60%
University of Toledo
60%
Vanderbilt
60%
Wake Forest
60%
Eastern Michigan
58%
Marquette
58%
Tennessee State
58%
University at Albany, SUNY
58%
University of Dayton
58%
University of Kentucky
58%
University of Louisville
58%
University of Memphis
58%
University of Rhode Island
58%
University of Tulsa
58%
Clemson
56%
Denver
56%
Howard
56%
Saint Louis
56%
San Diego State
56%
Seattle University
56%
Southern Illinois - Carbondale
56%
Texas Christian
56%
UC Santa Barbara
56%
University of Alabama - Birmingham
56%
University of Nebraska - Omaha
56%
University of North Carolina - Charlotte
56%
University of South Florida
56%
Western Michigan
56%
West Virginia
56%
Creighton
54%
Florida International
54%
George Mason
54%
Gonzaga
54%
Northern Illinois
54%
Providence
54%
San Jose State
54%
South Carolina State
54%
University of Richmond
54%
Cal State Bakersfield
52%
Louisiana Tech
52%
New Jersey Institute of Technology
52%
Portland State
52%
Rice
52%
University of Detroit Mercy
52%
University of New Orleans
52%
Wichita State
52%
American
50%
Binghamton
50%
Central Michigan
50%
Cleveland State
50%
College of Charleston
50%
College of William & Mary
50%
Delaware State
50%
Florida Atlantic
50%
Northern Arizona
50%
Oakland
50%
Pepperdine
50%
UC Davis
50%
University of South Alabama
50%
Alabama A&M
48%
DePaul
48%
East Carolina
48%
Eastern Illinois
48%
Florida A&M
48%
Grand Canyon
48%
Hartford
48%
James Madison
48%
Kent State
48%
Lafayette College
48%
Lehigh
48%
UC Berkeley
48%
UC Irvine
48%
UC Riverside
48%
University of Louisiana - Lafayette
48%
University of North Florida
48%
University of Wisconsin - Madison
48%
Western Illinois
48%
Western Kentucky
48%
Eastern Kentucky
46%
Fairfield
46%
Georgia Southern
46%
Jackson State
46%
Jacksonville State
46%
Marshall
46%
Sacramento State
46%
St. John's
46%
University of North Carolina - Greensboro
46%
University of Wisconsin - Milwaukee
46%
Ball State
44%
Bucknell
44%
Central Connecticut
44%
Drake
44%
Drexel
44%
Liberty
44%
University of Missouri - Kansas City
44%
University of North Texas
44%
Xavier
44%
Coastal Carolina
42%
College of the Holy Cross
42%
Florida Gulf Coast
42%
Illinois State
42%
Long Beach State
42%
Middle Tennessee State
42%
Quinnipiac
42%
Seton Hall
42%
University of Arkansas - Little Rock
42%
University of Massachusetts - Amherst
42%
University of Massachusetts - Lowell
42%
University of Northern Iowa
42%
Butler
40%
Cal State Fullerton
40%
Elon
40%
Fordham
40%
Loyola University Chicago
40%
Niagara
40%
Norfolk State
40%
Northern Colorado
40%
Northern Kentucky
40%
Old Dominion
40%
Oral Roberts
40%
Saint Mary's
40%
Siena
40%
Tennessee Tech
40%
University of Louisiana - Monroe
40%
University of North Carolina - Asheville
40%
University of North Carolina - Wilmington
40%
University of Wisconsin - Green Bay
40%
Virginia Commonwealth
40%
Youngstown State
40%
Alcorn State
38%
California Polytechnic
38%
Chicago State
38%
Colgate
38%
Davidson
38%
Eastern Washington
38%
Manhattan
38%
Santa Clara
38%
Southern Methodist
38%
St Joseph's
38%
University of Southern Mississippi
38%
Arkansas - Pine Bluff
37%
Canisius
37%
Hampton
37%
Iona
37%
Long Island
37%
Loyola Marymount
37%
Marist
37%
Murray State
37%
Rider
37%
Sacred Heart
37%
Saint Peter's
37%
Sam Houston State
37%
Stony Brook
37%
Texas A&M - Corpus Christi
37%
Troy
37%
University of Central Arkansas
37%
University of Evansville
37%
University of Maryland Eastern Shore
37%
Abilene Christian
35%
Bryant
35%
Duquesne
35%
Grambling State
35%
Kennesaw State
35%
Lamar
35%
Morgan State
35%
Nicholls State
35%
Saint Francis
35%
Samford
35%
Stetson
35%
St. Francis
35%
Texas Southern
35%
University of Texas - Arlington
35%
University of the Pacific
35%
Appalachian State
33%
Bradley
33%
Charleston Southern
33%
Coppin State
33%
North Carolina A&T
33%
Purdue University Fort Wayne
33%
Robert Morris
33%
St. Bonaventure
33%
Towson
33%
Valparaiso
33%
Virginia Military Institute
33%
Western Carolina
33%
Belmont
31%
Bethune-Cookman
31%
Bowling Green State
31%
East Tennessee State
31%
High Point
31%
Houston Baptist
31%
La Salle
31%
McNeese State
31%
Mercer
31%
Morehead State
31%
Southeast Missouri State
31%
Southern Utah
31%
The Citadel
31%
University of South Carolina Upstate
31%
University of the Incarnate Word
31%
Weber State
31%
Cal State Northridge
29%
Campbell
29%
Fairleigh Dickinson
29%
Hofstra
29%
Northwestern State
29%
Southern Illinois - Edwardsville
29%
Furman
27%
Indiana University-Purdue University Indianapolis
27%
Loyola University Maryland
27%
Mississippi Valley State
27%
Monmouth
27%
Mount St. Mary's
27%
Radford
27%
University of Tennessee - Martin
27%
University of Texas - Rio Grande Valley
27%
Utah Valley
27%
Wagner
27%
Wofford
27%
Lipscomb
25%
North Carolina Central
25%
Prairie View A&M
25%
Presbyterian
25%
Southeastern Louisiana
25%
Wright State
25%
Gardner-Webb
23%
Longwood
23%
Stephen F. Austin State
21%
Winthrop
21%
Austin Peay State
19%
University of Illinois - Chicago
15%
University of Maryland - College Park
15%
No matching quizzes found
Score Distribution
Percent of People with Each Score
Percentile by Number Answered
Your Score History
You have not taken this quiz